| 000 | 00854nam a2200229 a 4500 | ||
|---|---|---|---|
| 001 | 39051 | ||
| 003 | BD-RjUL | ||
| 005 | 20211209052915.0 | ||
| 008 | 160404m20132010bg a|||| |||| 00| 0 ben d | ||
| 020 | _c: TK.100.00 | ||
| 035 | _a(BD-RjUL)39162 | ||
| 040 |
_aBD-RjUL _bben _cBD-RjUL |
||
| 041 | _aben | ||
| 082 |
_223 _a307.772095492 _bRAB 2013 |
||
| 100 |
_aরহমান, আব্দুর _9120538 |
||
| 245 |
_aবাংলাদেশের উপজাতি = Tribes of Bangladesh / _cআব্দুর রহমান |
||
| 260 |
_aরাজশাহী : _bআবিদ মাহমুদ, _c২০১৩ |
||
| 300 |
_a১৪৪ পৃ. : _bচিএ ; _c২২সেমি. |
||
| 650 |
_aউপজাতির ইতিহাস _zবাংলাদেশ _9120539 |
||
| 650 |
_aHistory of Tribes _zBangladesh _9120540 |
||
| 942 |
_2ddc _cBK _01 |
||
| 999 |
_c39051 _d39051 |
||